Contour grass strips : erosion control, water quality enhancement, wildlife habitat.

Bibliographic Details
Format: Government Document eBook
Language:English
Published: [Beltsville, Md.] : Conservation Reserve Program, [2015]
Subjects:
Online Access:https://purl.fdlp.gov/GPO/gpo125268

MARC

Tag First Indicator Second Indicator Subfields
LEADER 00000nam a2200000 i 4500
001 in00004089134
005 20191030143414.0
006 m o d f
007 cr cn|||||||||
008 190913s2015 mdua o f000 0 eng c
035 |a (OCoLC)on1119537677 
042 |a pcc 
043 |a n-us--- 
040 |a GPO  |b eng  |e rda  |e pn  |c GPO  |d MvI 
049 |a WWW 
074 |a 0068-E (online) 
086 0 |a A 112.2:G 76 
245 0 0 |a Contour grass strips :  |b erosion control, water quality enhancement, wildlife habitat. 
264 1 |a [Beltsville, Md.] :  |b Conservation Reserve Program,  |c [2015] 
300 |a 1 online resource (2 unnumbered pages) :  |b color illustrations 
336 |a text  |b txt  |2 rdacontent 
337 |a computer  |b c  |2 rdamedia 
338 |a online resource  |b cr  |2 rdacarrier 
500 |a "CP-15 A." 
588 |a Description based on online resource; title from PDF caption (FSA, viewed July 12, 2019). 
650 0 |a Contour farming  |z United States. 
650 0 |a Agricultural conservation  |z United States. 
650 0 |a Public-private sector cooperation  |z United States. 
710 2 |a Conservation Reserve Program (U.S.),  |e issuing body. 
710 1 |a United States.  |b Farm Service Agency,  |e issuing body. 
856 4 0 |u https://purl.fdlp.gov/GPO/gpo125268  |t 0 
999 f f |s fd5a03d4-0ccf-3951-91b4-8c97f22d831a  |i 1552a464-47c4-3fed-ac98-f1da5298db67  |t 0 
952 f f |a Texas A&M University  |b College Station  |c Electronic Resources  |d Available Online  |t 0  |e A 112.2:G 76  |h Superintendent of Documents classification 
998 f f |a A 112.2:G 76  |t 0  |l Available Online